Paris Geography - Statistics

General Stats
  • This quiz has been taken 268 times
  • The average score is 9 of 13
Answer Stats
Hint Answer % Correct
River that flows through Paris Seine
96%
Cathedral known for its Gothic architectural style Notre Dame de Paris
94%
French word for street Rue
92%
Fortress that fell on July 14, 1789 Bastille
91%
Museum home to Mona Lisa Musee du Louvre
91%
Most famous landmark Eiffel Tower
87%
French word for bridge Pont
83%
Term for a Parisian district (there are 20) Arrondissement
76%
National monument commissioned by Napoleon Arc de Triomphe
62%
Underground burial chambers Catacombs
60%
Square where over 1,000 people were guillotined during the Revolution Place de la Concorde
46%
The home of the royal family after they were forced out of Versailles Tuileries Palace
24%
Courthouse mentioned in Les Miserables Palais de Justice
18%
No matching quizzes found
Score Distribution
Percent of People with Each Score
Percentile by Number Answered
Your Score History
You have not taken this quiz